| 000 | 00755nam a2200205 a 4500 | ||
|---|---|---|---|
| 001 | BRCA_1741 | ||
| 005 | 20190320203529.0 | ||
| 008 | 140508s1990----mx-#---###---#000-0#spa-# | ||
| 050 | 4 |
_aF1391.P8 _b.L43 33 _c1990 |
|
| 100 | 1 |
_aMoreno, Delfino C. _95434 |
|
| 245 | 1 | 0 |
_aRomanticos poblanos _cDelfino C. Moreno ; dirección Efraín Castro Morales. |
| 260 |
_aPuebla, México _bGobierno del Estado de Puebla : Secretaría de Cultura : Comisión Puebla V Centenario _c1990 |
||
| 300 |
_a42 p. _c21 cm. |
||
| 440 | 0 |
_aLecturas Históricas de Puebla _n33 _95435 |
|
| 651 | 4 |
_aPuebla (México) _xHistoria _9409 |
|
| 651 | 4 |
_aPuebla (México) _xVida social y costumbres _9408 |
|
| 653 | 0 | _aVida cotidiana | |
| 700 | 1 |
_aCastro Morales, Efraín _95436 |
|
| 942 |
_2lcc _cB |
||
| 999 |
_c1525 _d1525 |
||